| 000 | 00620cam a2200217 4500 | ||
|---|---|---|---|
| 008 | 090401t1998 xxu||||| |||| 00| 0 eng d | ||
| 020 | _a0333675169 | ||
| 035 | _a(Sirsi) u91408 | ||
| 041 | _aeng | ||
| 050 | _a333.33025 | ||
| 110 |
_aRoyal Institution of Chartered Surveyors _94900 |
||
| 245 | _aList of members 1999. | ||
| 260 |
_aLondon _bWaterlow Specialist Information Publishing _c1998 |
||
| 300 | _a85,981p. ; 25cm. | ||
| 350 | _a65 | ||
| 650 | _aABOUT RICS-RICS MEMBERS | ||
| 650 | _aDIRECTORIES | ||
| 690 | _aMANAGEMENT-BUSINESS MANAGEMENT-PROFESSIONAL PRACTICE | ||
| 942 | _n0 | ||
| 948 | _c18/02/1999 | ||
| 999 |
_c97635 _d97635 |
||